Annual Review of Political Science

Bibliographic Details
Format: Electronic Journal
Language:English
Published: Cambridge University Press
Online Access:Full text available on Research4Life (HINARI,AGORA,OARE,ARDI & GOALI)
LEADER 00814cas a2200181 a 4500
001 AALejournalResearch4Life003321
008 240902c9999 xx r poo 0 0eng d
022 |a 10942939 
022 |a 15451577 
040 |a BD-DhAAL  |c BD-DhAAL 
245 0 0 |h [electronic resource]  |a Annual Review of Political Science 
260 |b Cambridge University Press 
300 |a 1 online resource 
362 0 |a v. 1:1 (1998) - v. 16:1 (2013), v. 17:1 (2014) - current issue 
500 |a <strong>On-Campus Access Only (IP based access)</strong> 
506 |a Electronic access restricted to authorized BRAC University faculty, staff and students 
538 |a Mode of access: Internet 
856 4 0 |z Full text available on Research4Life (HINARI,AGORA,OARE,ARDI & GOALI)  |u https://login.research4life.org/tacsgr1www_annualreviews_org/loi/polisci